Strategic planning for smaller businesses improving corporate performance and personal reward
Salvato in:
| Autore principale: | |
|---|---|
| Natura: | Libro |
| Lingua: | inglese |
| Pubblicazione: |
Lexington
Lexington Books
1984
|
| Edizione: | 3. print. |
| Soggetti: | |
| Tags: |
Nessun Tag, puoi essere il primo ad aggiungerne!!
|
MARC
| LEADER | 00000nam a2200000 4500 | ||
|---|---|---|---|
| 001 | c101056 | ||
| 005 | 20221123135837.4 | ||
| 020 | |a 0-669-09815-9 | ||
| 041 | 0 | |a eng | |
| 044 | |a US | ||
| 245 | 1 | 0 | |a Strategic planning for smaller businesses |b improving corporate performance and personal reward |c David A. Curtis |
| 250 | |a 3. print. | ||
| 264 | 1 | |a Lexington |b Lexington Books |c 1984 | |
| 300 | |a 196 s. | ||
| 610 | 2 | 0 | |a podnikanie drobné |
| 610 | 2 | 0 | |a podnikanie malé |
| 610 | 2 | 0 | |a podnikanie obchodné |
| 610 | 2 | 0 | |a podnikanie stredné |
| 610 | 2 | 0 | |a podnikanie súkromné |
| 610 | 2 | 0 | |a podnikatelia |
| 610 | 2 | 0 | |a plánovanie strategické |
| 100 | 1 | |a Curtis, David A. | |